Undertale Yellow Soundtrack (OST) - Statistics

General Stats
  • This quiz has been taken 75 times
  • The average score is 41 of 135
Answer Stats
# Answer % Correct
120 A Mother's Love
74%
070 Showdown!
74%
014 Forlorn
68%
092 Guns Blazing
65%
104 snow
65%
128 Apprehension
61%
001 Once Upon a Truthful Time
61%
130 Trial By Fury
61%
107 AFTERLIFE
58%
102 BEST FRIENDS FOREVER
58%
044 DANZA
55%
131 END OF THE LINE_
55%
031 Protocol
55%
123 Undertale Yellow
55%
067 Deal 'Em Out
52%
011 Fever Pitch
52%
073 Kanako
52%
132 Remedy
52%
133 Retribution
52%
127 Enemy Retreating
48%
006 Ruins (Yellow)
48%
017 Snowfall
48%
111 specimen: paper
48%
055 The Wild East
48%
004 Enemy Approaching (Yellow)
45%
005 Fallen Down (Yellow)
45%
077 Meltdown
45%
110 specimen: clay
45%
109 specimen: organic
45%
020 Birds of a Feather
42%
079 Enter Axis
42%
010 Justice
42%
089 TENTH LEVEL LOCKDOWN
42%
049 フィナーレ!
39%
117 Flock Together
39%
013 Fun-Sized
39%
129 Orange Skies
39%
119 Some Point of No Return
39%
019 Blizzard Approaching
35%
051 Feisty!
35%
122 Gift
35%
007 Howdy!
35%
009 In Darkness
35%
118 Kanako (Reprise)
35%
116 Nothing but the Truth
35%
016 Organ Demo
35%
113 specimen: mechanical
35%
061 A Teaspoon of Gunpowder
32%
074 Change of Plans
32%
126 Final Encounter
32%
095 Medium
32%
037 Mining Co
32%
021 Mo Money
32%
036 Sandstorm Approaching
32%
112 specimen: polygonal
32%
059 The House
32%
135 Adjourned
29%
134 Honest Days Work
29%
003 Making Adjustments
29%
043 ¡Qué Pasión!
29%
024 Shuffling
29%
086 The Corner of a Circle
29%
056 The Stable
29%
035 Vigorous Terrain
29%
032 Aviation
26%
106 gotcha ;)
26%
088 Greenhouse
26%
053 Happy Hour
26%
082 Heatwave Approaching
26%
015 House Guest
26%
002 Main Menu 1 (Ruins)
26%
008 Main Menu 2 (Dark Ruins)
26%
018 Main Menu 3 (Snowdin)
26%
034 Main Menu 4 (Dunes)
26%
076 Main Menu 5 (Steamworks)
26%
040 Mining Co-ncussion
26%
050 North Star
26%
045 Oasis Valley
26%
046 Oasis Valley (Indoors)
26%
108 specimen: patchworked
26%
057 The Clinic
26%
048 ラブ・ブラスター!
23%
054 Blossom
23%
038 Gemstone Fever
23%
030 Honeydew Bark
23%
028 Honeydew Ruins
23%
064 Nap Time
23%
058 The Slammer
23%
066 The Train Problem
23%
114 The Trek
23%
084 Through the Macro Lens
23%
052 A New Partner
19%
124 A Place to Rest
19%
081 Build-A-Bot
19%
047 Café Dune
19%
022 Delivery!
19%
085 FOUND YOU.
19%
027 Honeydew Snow
19%
023 Occupied Turf
19%
025 Relaxation
19%
012 Seclusion
19%
060 Six Shooter
19%
093 Soulmate_Located
19%
098 The Flower
19%
075 Tomorrow Means The Surface
19%
080 Detainment 014
16%
062 Dual!
16%
069 Getting the Thoughts Out
16%
026 Honeydew Cabin
16%
029 Honeydew Hideaway
16%
100 just us
16%
033 Quiet Stray
16%
071 Renewed
16%
063 Sheriff's Fate
16%
041 Shimmer
16%
065 Someone's In Danger!
16%
094 The Freedom to be Flawed
16%
096 UG Apartments
16%
125 A Call to Action
13%
042 Apex
13%
105 crescendo
13%
083 Golden Opportunity
13%
068 The Straw
13%
115 Trapdoor
13%
121 Tucked In
13%
101 echoes of another
10%
039 Going Up
10%
103 subconscious
10%
072 Sunnyside Farm
10%
099 You Gotta Be Kidding Me!
10%
087 After Hours
6%
097 An Acquittal
6%
090 Mixin' It Up
6%
091 One's Past...
6%
078 Treading Lightly
6%
No matching quizzes found
Score Distribution
Percent of People with Each Score
Percentile by Number Answered
Your Score History
You have not taken this quiz